| 000 | 00374nam a2200133Ia 4500 | ||
|---|---|---|---|
| 008 | 150202s9999 xx 000 0 und d | ||
| 020 | _a821720937 | ||
| 050 |
_aFIC _bFIC |
||
| 100 | _aAlbano, Peter. | ||
| 245 |
_aReturn of the seventh carrier / _cPeter Alexander. |
||
| 260 |
_aNew York : _bKensington Pub., _c1987. |
||
| 300 |
_a397 pages : _c18 cm. |
||
| 650 | _aFiction. | ||
| 999 |
_c281795 _d281795 |
||